书目信息 |
| 题名: |
中国哲学原著选读
|
|
| 作者: | 刘星 , 高新满 主编 | |
| 分册: | ||
| 出版信息: | 南京 东南大学出版社 2020.10 |
|
| 页数: | 265页 | |
| 开本: | 24cm | |
| 丛书名: | ||
| 单 册: | ||
| 中图分类: | B211 | |
| 科图分类: | ||
| 主题词: | 古典哲学--gu dian zhe xue--著作--介绍--中国 | |
| 电子资源: | ||
| ISBN: | 978-7-5641-9190-0 | |
| 000 | 01051nam0 2200253 450 | |
| 001 | 2133105505 | |
| 005 | 20211025190356.0 | |
| 010 | @a978-7-5641-9190-0@dCNY56.00 | |
| 100 | @a20210304d2020 em y0chiy50 ea | |
| 101 | 0 | @achi |
| 102 | @aCN@b320000 | |
| 105 | @ay z 000yy | |
| 106 | @ar | |
| 200 | 1 | @a中国哲学原著选读@Azhong guo zhe xue yuan zhu xuan du@f刘星,高新满主编 |
| 210 | @a南京@c东南大学出版社@d2020.10 | |
| 215 | @a265页@d24cm | |
| 300 | @a内蒙古师范大学出版基金资助 | |
| 330 | @a本书内容分为四个部分:第一部分是先秦哲学原著选读部分;第二部分是汉唐哲学原著选读部分;第三部分是宋元明清哲学原著选读部分;第四部分是对康有为部分原著的诠释。前三个部分都是以经典著作为单位,每一部分由作品简介、原典选读、思想概要、经典背诵、思考题五部分组成。第四部分是作者近年来在研读康有为经典著作后取得的部分学术成果。 | |
| 606 | 0 | @a古典哲学@Agu dian zhe xue@x著作@x介绍@y中国 |
| 690 | @aB211@v5 | |
| 701 | 0 | @a刘星@Aliu xing@4主编 |
| 701 | 0 | @a高新满@Agao xin man@4主编 |
| 801 | 0 | @aCN@b百万庄@c20211025 |
| 905 | @b1312129-132@dB211@e238@f4 | |
| 中国哲学原著选读/刘星,高新满主编.-南京:东南大学出版社,2020.10 |
| 265页;24cm |
| 内蒙古师范大学出版基金资助 |
| ISBN 978-7-5641-9190-0:CNY56.00 |
| 本书内容分为四个部分:第一部分是先秦哲学原著选读部分;第二部分是汉唐哲学原著选读部分;第三部分是宋元明清哲学原著选读部分;第四部分是对康有为部分原著的诠释。前三个部分都是以经典著作为单位,每一部分由作品简介、原典选读、思想概要、经典背诵、思考题五部分组成。第四部分是作者近年来在研读康有为经典著作后取得的部分学术成果。 |
| ● |
| 相关链接 |
|
|
|
|
正题名:中国哲学原著选读
索取号:B211/238
 
预约/预借
| 序号 | 登录号 | 条形码 | 馆藏地/架位号 | 状态 | 备注 |
| 1 | 1312129 | 213121290 | 第一样本阅览室/ [索取号:B211/238] | 在馆 | |
| 2 | 1312130 | 213121307 | 第一借阅区/ [索取号:B211/238] | 在馆 | |
| 3 | 1312131 | 213121316 | 第一借阅区/ [索取号:B211/238] | 在馆 | |
| 4 | 1312132 | 213121325 | 第一借阅区/ [索取号:B211/238] | 在馆 |